[Event "Pardubice Region-chT 2223"]
[Site "Czech Republic"]
[Date "2022.11.27"]
[Round "4.6"]
[White "Joukl, Jakub"]
[Black "Cocek, Oldrich"]
[Result "1/2-1/2"]
[WhiteElo "1729"]
[BlackElo "1558"]
[PlyCount "103"]
[EventDate "2022.10.09"]
[EventType "team-tourn"]
[EventRounds "11"]
[EventCountry "CZE"]
[SourceTitle "EXT 2024"]
[Source "ChessBase"]
[SourceDate "2023.10.10"]
[SourceVersion "1"]
[SourceVersionDate "2023.10.10"]
[SourceQuality "1"]

1. d4 g6 2. Nf3 Bg7 3. e4 d6 4. Bc4 Nf6 5. Nbd2 0-0 6. 0-0 a5 7. c3 c6 8. a4 d5 9. exd5 Nxd5 10. Re1 Nd7 11. Ne4 N7f6 12. Qe2 Nxe4 13. Qxe4 Bf5 14. Qh4 e6 15. Bg5 f6 16. Bd2 Qd7 17. g4 Bc2 18. Qg3 b5 19. axb5 cxb5 20. Bxd5 Qxd5 21. Ra3 Rfb8 22. Bf4 Re8 23. Rc1 Bd3 24. Nd2 e5 25. dxe5 fxe5 26. Be3 Bf8 27. Raa1 Bd6 28. Re1 e4 29. Bf4 Bc5 30. Be3 Bf8 31. Bd4 a4 32. Re3 b4 33. f3 a3 34. bxa3 Rxa3 35. Qe1 Rea8 36. Rxa3 bxa3 37. Nxe4 Bxe4 38. Rxe4 a2 39. Qa1 Qb3 40. Re1 Bg7 41. Bxg7 Kxg7 42. Kf2 Rb8 43. Re2 Ra8 44. c4+ Kf7 45. c5 Ra3 46. Re1 Qxf3+ 47. Kg1 Qxg4+ 48. Kh1 Qb4 49. Rf1+ Kg8 50. Qf6 Qe4+ 51. Kg1 Qe3+ 52. Kh1 1/2-1/2

[Event "Pardubice Region-chT 2223"]
[Site "Czech Republic"]
[Date "2022.11.13"]
[Round "3.6"]
[White "Smola, Jan"]
[Black "Joukl, Jakub"]
[Result "1/2-1/2"]
[WhiteElo "1741"]
[BlackElo "1729"]
[PlyCount "29"]
[EventDate "2022.10.09"]
[EventType "team-tourn"]
[EventRounds "11"]
[EventCountry "CZE"]
[SourceTitle "EXT 2024"]
[Source "ChessBase"]
[SourceDate "2023.10.10"]
[SourceVersion "1"]
[SourceVersionDate "2023.10.10"]
[SourceQuality "1"]

1. d4 d5 2. c4 e6 3. Nc3 Nf6 4. Bf4 Bd6 5. Bg3 0-0 6. e3 b6 7. cxd5 exd5 8. Nf3 Bg4 9. Be2 Qe7 10. Ne5 Bxe2 11. Qxe2 Nbd7 12. Nxd7 Qxd7 13. Bxd6 Qxd6 14. 0-0 c5 15. dxc5 1/2-1/2

[Event "Pardubice Czech op-B"]
[Site "Pardubice"]
[Date "2020.09.24"]
[Round "4"]
[White "Joukl, Jakub"]
[Black "Hille, Wolfram"]
[Result "1/2-1/2"]
[WhiteElo "1725"]
[BlackElo "1816"]
[PlyCount "34"]
[EventDate "2020.09.21"]
[EventType "swiss"]
[EventRounds "9"]
[EventCountry "CZE"]
[SourceTitle "CBM 198 Extra"]
[Source "ChessBase"]
[SourceDate "2020.11.30"]
[SourceVersion "1"]
[SourceVersionDate "2020.11.30"]
[SourceQuality "1"]

1. d4 Nf6 2. Nf3 d6 3. c4 g6 4. Nc3 Bg7 5. g3 0-0 6. Bg2 c6 7. 0-0 a6 8. e3 Qc7 9. b3 Bg4 10. Bb2 Nbd7 11. h3 Bxf3 12. Qxf3 Rae8 13. Rab1 Rd8 14. Rfd1 Ne8 15. d5 c5 16. h4 Ne5 17. Qe2 f5 1/2-1/2

[Event "Pardubice Czech op-J 30th"]
[Site "Pardubice"]
[Date "2019.07.16"]
[Round "6"]
[White "Joukl, Jakub"]
[Black "Kraus, Ondrej"]
[Result "0-1"]
[WhiteElo "1682"]
[BlackElo "1968"]
[PlyCount "80"]
[EventDate "2019.07.12"]
[EventType "swiss"]
[EventRounds "7"]
[EventCountry "CZE"]
[SourceTitle "CBM 192 Extra"]
[Source "Chessbase"]
[SourceDate "2019.11.06"]
[SourceVersion "1"]
[SourceVersionDate "2019.11.06"]
[SourceQuality "1"]

1. d4 Nf6 2. Nf3 c5 3. c3 e6 4. Bg5 h6 5. Bh4 g5 6. Bg3 Ne4 7. Nbd2 Nxg3 8. hxg3 Nc6 9. dxc5 Bxc5 10. Ne4 Be7 11. Nd4 d5 12. Nxc6 bxc6 13. Nd2 Rb8 14. Qc2 Bc5 15. e3 Qf6 16. Nb3 Bb6 17. Be2 e5 18. Rd1 Bf5 19. Bd3 Be6 20. Nd2 Kf8 21. b3 Kg7 22. Qb2 e4 23. Be2 Bf5 24. Qa1 c5 25. 0-0 Bc7 26. Qc1 Qe5 27. Qa3 Bd6 28. Qc1 Be6 29. Rde1 h5 30. f4 exf3 31. Rxf3 Bg4 32. Nf1 Bxf3 33. gxf3 Bc7 34. c4 d4 35. Kf2 h4 36. exd4 Qxd4+ 37. Kg2 h3+ 38. Kh1 Qf2 39. Ne3 Kg8 40. Qc3 Re8 0-1

[Event "Pardubice Czech op-D 28th"]
[Site "Pardubice"]
[Date "2017.07.26"]
[Round "6"]
[White "Joukl, Jakub"]
[Black "Maciejewski, Robert"]
[Result "1/2-1/2"]
[WhiteElo "1654"]
[BlackElo "1227"]
[PlyCount "89"]
[EventDate "2017.07.22"]
[EventType "swiss"]
[EventRounds "9"]
[EventCountry "CZE"]
[SourceTitle "CBM 179 Extra"]
[Source "ChessBase"]
[SourceDate "2017.08.23"]
[SourceVersion "1"]
[SourceVersionDate "2017.08.23"]
[SourceQuality "1"]

1. d4 Nf6 2. c4 e6 3. Nf3 b6 4. e3 Bb7 5. Nc3 Bb4 6. Bd3 0-0 7. 0-0 Bxc3 8. bxc3 c5 9. Re1 Be4 10. Bxe4 Nxe4 11. Nd2 Nxd2 12. Bxd2 Nc6 13. Qf3 Qf6 14. Qe2 Qe7 15. Rab1 Rab8 16. Qd3 f5 17. e4 fxe4 18. Rxe4 Qf6 19. f3 Qg6 20. Rbe1 Rbe8 21. Kh1 d5 22. cxd5 exd5 23. R4e3 Qxd3 24. Rxd3 Rxe1+ 25. Bxe1 Re8 26. Rd1 cxd4 27. cxd4 Nxd4 28. Bf2 Nc6 29. Kg1 Re2 30. Rc1 Rxa2 31. Bxb6 axb6 32. Rxc6 b5 33. Rc5 b4 34. Rb5 Rb2 35. Rxd5 b3 36. Rb5 Kf7 37. Kf1 Kf6 38. f4 Rb1+ 39. Kf2 Rb2+ 40. Kf3 Rb1 41. g4 h6 42. h3 b2 43. Kg2 g6 44. Rb6+ Kg7 45. Rb5 1/2-1/2

[Event "Pardubice Czech op-D 28th"]
[Site "Pardubice"]
[Date "2017.07.24"]
[Round "4"]
[White "Joukl, Jakub"]
[Black "Gonsior, Pawel"]
[Result "1-0"]
[WhiteElo "1654"]
[BlackElo "1378"]
[PlyCount "51"]
[EventDate "2017.07.22"]
[EventType "swiss"]
[EventRounds "9"]
[EventCountry "CZE"]
[SourceTitle "CBM 179 Extra"]
[Source "ChessBase"]
[SourceDate "2017.08.23"]
[SourceVersion "1"]
[SourceVersionDate "2017.08.23"]
[SourceQuality "1"]

1. d4 Nf6 2. c4 e6 3. Nc3 d5 4. e3 Be7 5. Nf3 0-0 6. Bd3 dxc4 7. Bxc4 Nbd7 8. 0-0 Nb6 9. Bd3 c5 10. b3 cxd4 11. Nxd4 a6 12. Bb2 Nbd5 13. Nxd5 Nxd5 14. Rc1 Nb4 15. Bb1 e5 16. Qh5 e4 17. Bxe4 g6 18. Qf3 Nxa2 19. Ra1 Nb4 20. Bxb7 Rb8 21. Bxc8 Rxc8 22. Rfd1 Qb6 23. Ba3 a5 24. Qg4 Bf6 25. Rac1 Bxd4 26. Rxc8 1-0

[Event "Pardubice Czech op-D 28th"]
[Site "Pardubice"]
[Date "2017.07.22"]
[Round "1"]
[White "Elnikova, Milena"]
[Black "Joukl, Jakub"]
[Result "0-1"]
[WhiteElo "1248"]
[BlackElo "1654"]
[PlyCount "74"]
[EventDate "2017.07.22"]
[EventType "swiss"]
[EventRounds "9"]
[EventCountry "CZE"]
[SourceTitle "CBM 179 Extra"]
[Source "ChessBase"]
[SourceDate "2017.08.23"]
[SourceVersion "1"]
[SourceVersionDate "2017.08.23"]
[SourceQuality "1"]

1. e4 c5 2. Nc3 d6 3. g3 Nf6 4. Bg2 Nc6 5. f4 g6 6. Nf3 Bg4 7. 0-0 Nd4 8. d3 Bg7 9. Be3 Nxf3+ 10. Bxf3 Bxf3 11. Qxf3 0-0 12. Rae1 Rb8 13. Nd1 Qd7 14. Kg2 Qa4 15. c3 Qxa2 16. Re2 Qa6 17. Rd2 Qc6 18. c4 b5 19. b3 bxc4 20. bxc4 Rb3 21. Bg1 a5 22. Ne3 e6 23. Rfd1 Rfb8 24. Ra1 Nxe4 25. dxe4 Bxa1 26. Bf2 Bd4 27. Rc2 a4 28. Kh3 a3 29. Ra2 Qa4 30. Qd1 Bxe3 31. Bxe3 Qxc4 32. Qxd6 R3b6 33. Qxc5 Qxa2 34. Qc3 Qb3 35. Qd2 Rc6 36. Ba7 Rbc8 37. Be3 a2 0-1